Prof. G Ram Reddy Library

Solid State physics (Record no. 71778)

MARC details
000 -LEADER
fixed length control field 00567nam a2200205Ia 4500
003 - CONTROL NUMBER IDENTIFIER
control field LDD
008 - FIXED-LENGTH DATA ELEMENTS--GENERAL INFORMATION
fixed length control field 181029s9999 xx 000 0 und d
020 ## - INTERNATIONAL STANDARD BOOK NUMBER
International Standard Book Number 9812438645
Terms of availability US
Field link and sequence number .00
040 ## - CATALOGING SOURCE
Transcribing agency LDD
100 ## - MAIN ENTRY--PERSONAL NAME
Personal name Ashcroft, Neil W
245 #0 - TITLE STATEMENT
Title Solid State physics
Statement of responsibility, etc. Neil W Ashcroft and N. David Mermin
260 ## - PUBLICATION, DISTRIBUTION, ETC.
Place of publication, distribution, etc. Australia
Name of publisher, distributor, etc. Thomson
Date of publication, distribution, etc. 2003
300 ## - PHYSICAL DESCRIPTION
Extent xxi,826p.
365 ## - TRADE PRICE
Price amount US
Field link and sequence number .00
700 ## - ADDED ENTRY--PERSONAL NAME
Personal name Mermin, N. David
901 ## - LOCAL DATA ELEMENT A, LDA (RLIN)
a 2858
b 04-03-2004
902 ## - LOCAL DATA ELEMENT B, LDB (RLIN)
a IN9844
b 12-03-2004
c F
d SBA
e 53
903 ## - LOCAL DATA ELEMENT C, LDC (RLIN)
a Discount-10
b Reqst by : Vijayashri
942 ## - ADDED ENTRY ELEMENTS (KOHA)
Source of classification or shelving scheme Dewey Decimal Classification
Koha item type Books
Holdings
Withdrawn status Lost status Source of classification or shelving scheme Damaged status Not for loan Home library Current library Total Checkouts Full call number Barcode Checked out Date last seen Date last checked out Cost, replacement price Price effective from Koha item type
No   Dewey Decimal Classification     Library and Documentation Division Library and Documentation Division 1 530.41 As345 055106 11/12/2021 10/29/2021 10/29/2021 363.20 11/01/2018 Books

© Prof. G Ram Reddy Centre Library, Indira Gandhi National Open University, Maidan Garhi, New Delhi, 110068
+91-011-29532797 | FAX+91-011-29533393 |